Úvod do štatistiky

Bibliographic Details
Main Author: Sakalášová, Mária (Author)
Format: Book
Language:Slovak
PhysicalDescription:169 s. grafy, ilustr., tab. 24 cm
Published: Košice Equilibria 2013
ISBN:9788081430701
Edition:1. vyd.
Subjects:

MARC

LEADER 00000nam a2200000 a 4500
001 vtls010505714
003 SK-MaSNL
005 20260301184652.0
008 240314s2013 xo a f 000 0 slo
015 |a SNBA2013/05 
020 |a 9788081430701  |q (brož.) 
035 |a urn:nbn:sk:snk-am00a1sj 
035 |a urn:nbn:sk:snk-am3hdfi 
035 |a 0C785FB5-017D-4261-8110-7AEAD8907679 
040 |a SNK  |b slo  |c SNK  |e AACR2 
041 0 |a slo 
044 |a xo  |c SK 
072 7 |a 311  |x Štatistika  |2 konspekt 
072 7 |a 519  |x Kombinatorika. Teória grafov. Matematická štatistika. Operačný výskum. Matematické modelovanie  |2 konspekt 
080 |a 311+519.2  |2 2001 
080 |a 165.413  |2 2001 
080 |a 519.23/.24  |2 2001 
080 |a (048.8)  |2 2001 
100 1 |a Sakalášová, Mária  |4 aut  |9 561611 
245 1 0 |a Úvod do štatistiky  |c Mária Sakalášová 
250 |a 1. vyd. 
260 |a Košice  |b Equilibria  |c 2013 
300 |a 169 s.  |b grafy, ilustr., tab.  |c 24 cm 
504 |a Bibliogr. s. 167-169 
650 0 7 |a štatistika  |2 SNKPH  |9 778 
650 0 7 |a Statistics  |2 SNKPHeng  |9 266405 
650 0 7 |a pravdepodobnosť (matematika)  |2 SNKPH  |9 17964 
650 0 7 |a Probability (Mathematics)  |2 SNKPHeng  |9 327377 
650 0 7 |a štatistické metódy  |2 SNKPH  |9 779 
650 0 7 |a Statistical methods  |2 SNKPHeng  |9 276989 
655 7 |a monografie  |2 SNKPH  |9 70139 
655 7 |a Monographs  |2 SNKPHeng  |9 120675 
919 |a 978-80-8143-070-1 
958 |a NB 
999 |c 861213  |d 863143 
952 |a SNK  |b SNK  |y PREZ  |7 0  |p 17A1068401  |o snkSC 154149  |i snk2013/9302  |8 0  |0 0  |1 0  |4 0  |d 2013-04-23  |f 1  |l 0  |r 2025-07-24 00:00:00  |w 2026-02-24 
952 |a SNK  |b SNK  |y VYP  |7 0  |p 17A1068400  |o snkSC 154149 D1  |i snk2013/9303  |8 0  |0 0  |1 0  |4 0  |d 2013-04-23  |l 0  |r 2026-02-24 05:11:54  |w 2026-02-24